Flowers for Mrs. Harris (Record no. 186757)
[ view plain ]
| 000 -LEADER | |
|---|---|
| fixed length control field | 00492 a2200169 4500 |
| 003 - CONTROL NUMBER IDENTIFIER | |
| control field | Nust |
| 005 - DATE AND TIME OF LATEST TRANSACTION | |
| control field | 20230525113405.0 |
| 040 ## - CATALOGING SOURCE | |
| Transcribing agency | Nust |
| 082 ## - DEWEY DECIMAL CLASSIFICATION NUMBER | |
| Classification number | 823, GAL |
| 100 ## - MAIN ENTRY--PERSONAL NAME | |
| Personal name | Gallico,Paul |
| 9 (RLIN) | 112581 |
| 245 ## - TITLE STATEMENT | |
| Title | Flowers for Mrs. Harris |
| Statement of responsibility, etc. | Paul Gallico |
| 260 ## - PUBLICATION, DISTRIBUTION, ETC. | |
| Place of publication, distribution, etc. | London |
| Name of publisher, distributor, etc. | Michael Joseph |
| 300 ## - PHYSICAL DESCRIPTION | |
| Extent | 502:p |
| 505 ## - FORMATTED CONTENTS NOTE | |
| Formatted contents note | Flowers For Mrs. Harris (Page-7), The Hunt For Kimathi (Page-71),By Love Possessed (Page-169),Hide My Eyes (Page-401). |
| 650 ## - SUBJECT ADDED ENTRY--TOPICAL TERM | |
| Topical term or geographic name entry element | Fiction |
| 9 (RLIN) | 3172 |
| 942 ## - ADDED ENTRY ELEMENTS (KOHA) | |
| Source of classification or shelving scheme | |
| Koha item type | Book |
| Withdrawn status | Lost status | Source of classification or shelving scheme | Damaged status | Not for loan | Permanent Location | Current Location | Shelving location | Date acquired | Full call number | Barcode | Date last seen | Price effective from | Koha item type | Public note |
|---|---|---|---|---|---|---|---|---|---|---|---|---|---|---|
| Military College of Signals (MCS) | Military College of Signals (MCS) | Fiction | 12/12/2016 | 823,GAL | MCS30053 | 12/08/2016 | 12/12/2016 | Book | Almirah No.57, Shelf No.5 |
